Piłkarska kariera Romario. - Statystyki

Ogólne statystyki
  • Ten quiz został rozwiązany 24 razy
  • Średni wynik to 6 z 16
Statystyki odpowiedzi
Lata Drużyna % Poprawnych
1993-1995 Barcelona
100%
1995-1997 Flamengo
63%
1999-1999 Flamengo
63%
1988-1993 PSV
53%
2002-2003 Fluminense
47%
2003-2005 Fluminense
47%
1997-1999 Valencia
37%
2006-2006 Adelaide United
26%
2003-2003 Al-Sadd
26%
2009-2010 America
26%
2006-2006 Miami FC
26%
1981-1988 Vasco da Gama
26%
1999-2002 Vasco da Gama
26%
2005-2006 Vasco da Gama
26%
2006-2006 Vasco da Gama
26%
2006-2008 Vasco da Gama
26%
Nie znaleziono quizów pasujących do podanych kryteriów
Rozkład punktacji
Procent ludzi z każdym wynikiem
Percentyl według liczby udzielonych odpowiedzi
Twoja historia wyników
Nie rozwiązałeś tego quizu